000 01123nam a2200241Ia 4500
999 _c48868
_d48868
001 15770
003 GE_BSU
005 20230614094257.0
008 181216s||||||||xx |||||||||||||| ||und||
040 _cGE_BSU
041 _ageo
080 _a821.353.1-1 + 821.353.1-144 ჭ-34
100 _aჭელიძე, ოთარ
_918683
245 _aუსასრულობა :
_bლექსები და ბალადები /
_cოთარ ჭელიძე; რედ. ტ.ჭანტურია. მხატვ. რედ. შ.დოლიძე.
264 _aთბილისი:
_bნაკადული,
_c1966.
300 _a122 გვ. :
_b1 ფ. პორტრ. ;
_c17 სმ
490 _aთანამედროვე ქართული პოეზიის ბიბლიოთეკა
653 _aლექსები და ბალადები
653 _aუსასრულობა
700 _aჭანტურია, ტ.
_eრედაქტორი
_93733
700 _aდოლიძე, შ.
_eმხატვარი
_918684
942 _cBK
_2udc